UM Logo
Normal view MARC view
  • Sueño, Michelle Anne J.

Entry Personal Name

Number of records used in: 1

001 - CONTROL NUMBER

  • control field: 20194

003 - CONTROL NUMBER IDENTIFIER

  • control field: OSt

005 - DATE AND TIME OF LATEST TRANSACTION

  • control field: 20170425085744.0

008 - FIXED-LENGTH DATA ELEMENTS

  • fixed length control field: 170425|| aca||aabn | a|a d

040 ## - CATALOGING SOURCE

  • Original cataloging agency: OSt

100 ## - HEADING--PERSONAL NAME

  • Personal name: Sueño, Michelle Anne J.